| 000 | 01013nam a22002177a 4500 | ||
|---|---|---|---|
| 003 | OSt | ||
| 005 | 20250903181356.0 | ||
| 008 | 240220b ||||| |||| 00| 0 eng d | ||
| 040 | _c0 | ||
| 082 | _aDPer 621.317 Ie21 May 2022 v. 37 no. 5 | ||
| 100 |
_aJeong, Won-Sang. _eauthor. _952777 |
||
| 245 |
_aFinite control set-model predictive control of H8 inverter considering dead-time effect for PMSM drive systems with reduced conducted common-mode EMI and current distortions / _cWon-Sang Jeong, Sung-Hun Kim, Junsin Yi, and Chung-Yuen Won. |
||
| 260 |
_aNew York ; _bThe Institute of Electrical and Electronics Engineers, Inc. , _cMay 2022. |
||
| 300 |
_avolume 37, pages 5342-5356 : _billustration ; _c28 cm. |
||
| 500 | _aIEEE Transaction on Power Electronics, vol. 37 no. 5, pages 5342-5356, May 2020. | ||
| 700 |
_aJeong, Won-Sang. _eauthor. _952777 |
||
| 700 |
_aKim, Sung-Hun. _eauthor. _952778 |
||
| 700 |
_aYi, Junsin. _eauthor. _952779 |
||
| 700 |
_aWon, Chung-Yuen. _eauthor. _952780 |
||
| 942 |
_2ddc _cPER |
||
| 999 |
_c19230 _d19230 |
||